| 000 | 01000naa a2200301 c 4500 | ||
|---|---|---|---|
| 001 | 39728 | ||
| 003 | ES-MaCES | ||
| 005 | 20100119121900.0 | ||
| 008 | 100119n2009 sp t 000 | spa d | ||
| 035 | _aCES20100000651v | ||
| 040 |
_aES-MaCES _bspa _cES-MaCES |
||
| 100 | 1 |
_aGarza Toledo, Enrique de la _913166 |
|
| 245 | 1 | 3 |
_aEl trabajo no clásico _cEnrique de la Garza Toledo |
| 500 | _aResumen | ||
| 650 | 4 |
_ateoría social _927032 |
|
| 650 | 4 |
_amecanismo de control _929918 |
|
| 650 | 4 |
_aproducción _928240 |
|
| 650 | 4 |
_adirección por objetivos _929008 |
|
| 650 | 4 |
_acontenido del trabajo _929211 |
|
| 650 | 4 |
_aprocedimiento laboral _930887 |
|
| 650 | 4 |
_amercado de trabajo _928292 |
|
| 650 | 4 |
_atrabajo _928289 |
|
| 653 | 1 | 0 | _aRelaciones laborales-Empleo |
| 773 | 0 |
_tSociología del trabajo _gn. 67 (otoño 2009){10217 R. 075655}; p. 71-95 _w(ES-MaCES)25232 _944359 |
|
| 902 | _aART Artículo de revista | ||
| 942 |
_2CES _cAR _h2.0. |
||
| 999 |
_c39728 _d39728 |
||